Beetlejuice túži medzi živých

Podrobná bibliografia
Hlavný autor: Frická, Eva, 1967-1994 (Autor)
Médium: Článok
Jazyk:slovenčina
Fyzický popis:Fotogr. 1
Predmet:

MARC

LEADER 00000nab a2200000 a 4500
001 vtls000509604
003 SK-MaSNL
005 20260303003443.0
008 120927c1993 xo 0 slo
015 |a SNBRB19rr/mm-uuuuu 
035 |a CL0509742 
040 |a SNKBUCL  |b slo  |c SNKBUCL  |e AACR2 
041 0 |a slo 
044 |a xo  |c SK 
080 |a 791.43(73)  |2 1981 
100 1 |a Frická, Eva,  |d 1967-1994  |4 aut  |9 212846 
245 1 0 |a Beetlejuice túži medzi živých  |c Eva Frická 
300 |b Fotogr. 1 
500 |a Réžia Tim Burton 
630 0 7 |a Beetlejuice (film)  |2 snkbucl  |9 981336 
650 0 7 |a americké filmy  |2 snkbucl  |9 847461 
655 7 |a články z novín a časopisov  |2 snkbucl  |9 267496 
773 0 |t Život  |g Roč. 43, č. 12 (1993), s. 43 
850 |a Slovenská národná knižnica v Martine  |a MTA001 
852 |a SNK  |b KIS3GCP 
958 |a RK 
992 |a RBX 
999 |c 1572837  |d 1574767